00521 2200205 4500001002100000005001500021008004100036020001800077035001900095041000700114082001000121090001600131100002600147700001200173245002900185250000600214260003200220300002500252650003800277INLIS00000000003203120241224133332241224||||||||| | ||| |||| || |  a9789792792324 0010-1224032031 aid0 a597.9 a597.9 PAP w0 aEndah Nawang Novianti0 aPapyrus00aWhy? Reptilia dan Amfibi a1 bElex Media Komputindoc2011 a157 p : ill .; 24 cm 0aKomik Sains -- reptilia -- ampibi